000 00328nam a2200133 a 4500
008 990520s1989||||xx 0 und c
040 _aSNK
_bslo
_cSNK
_eAACR2
245 1 0 _aSlovník spisovného jazyka českého II
_bH - L
260 _aPraha
_bAcademia
_c1989
300 _a594 s.
020 _c75
041 _aces
044 _aCZ
999 _c19229
_d19229